| 000 | 00590nam a2200169Ia 4500 | ||
|---|---|---|---|
| 008 | 090201s9999 xx 000 0 und d | ||
| 010 | _aKPL-18392 | ||
| 040 | _bमराठी | ||
| 041 | _aमराठी | ||
| 082 |
_a4995 _b18392 |
||
| 100 | _aवा शि आपटे | ||
| 245 |
_aवि.स.खांडेकर ओळख व अभ्यास _cवा शि आपटे |
||
| 260 |
_c2004 _bश्री गजराज प्रकाशन |
||
| 300 |
_a92 _bमोठा |
||
| 600 | _aवि.स.खांडेकर ओळख व अभ्यास | ||
| 942 | _cBOOK | ||
| 999 |
_c205991 _d205991 |
||